Statistics for Microstates flags

Click here to take the quiz!

General Stats

  • This quiz has been taken 40 times
  • The average score is 6 of 6

Answer Stats

Answer% Correct
Monaco
97%
Vatican city
97%
Liechtenstein
95%
San marino
95%
Malta
89%
Andorra
86%

Score Distribution

Percentile by Number Answered

Percent of People with Each Score

Your Score History

You have not taken this quiz